Dragons in House of the Dragon - Statistics

General Stats
  • This quiz has been taken 263 times
  • The average score is 15 of 19
Answer Stats
Riders Dragons % Correct
Daemon Targaryen Caraxes
97%
Visenya Targaryen, Laena Velaryon, Aemond Targaryen Vhagar
95%
Aegon "The Conqueror" Targaryen, Viserys I. Targaryen Balerion
93%
Aegon II. Targaryen Sunfyre
92%
Rhaenyra Targaryen Syrax
91%
Rhaenys Targaryen Meleys
90%
Lucerys Velaryon Arrax
89%
Helaena Targaryen Dreamfyre
89%
Jaehaerys I. Targaryen, Hugh the Hammer Vermithor
89%
Laenor Velaryon, Addam of Hull Seasmoke
87%
Jacaerys Velaryon Vermax
87%
Baela Targaryen Moondancer
81%
Alysanne Targaryen, Ulf the White Silverwing
80%
- Sheepstealer
68%
- Cannibal
63%
Daeron Targaryen Tessarion
63%
Joffrey Velaryon Tyraxes
62%
- Grey Ghost
41%
Aegon Targaryen Stormcloud
28%
No matching quizzes found
Score Distribution
Percent of People with Each Score
Percentile by Number Answered
Your Score History
You have not taken this quiz